[Event "Moscow Open 2009 C"]
[Site "?"]
[Date "2009.02.06"]
[Round "7.42"]
[White "Kalmykova, Anastasia"]
[Black "Della-Rossa, Anastasia"]
[Result "0-1"]
[WhiteElo "2100"]
[BlackElo "1868"]
[Annotator ""]
[Source ""]
[Remark ""]

1.d4 Nf6 2.c4 c5 3.Nf3 g6 4.Nc3 cxd4 5.Nxd4 Bg7 6.e4 d6 7.f3
Nc6 8.Be3 O-O 9.Qd2 Bh8 10.g4 Nd7 11.Nxc6 bxc6 12.h4 Ne5 13.Qf2
Ba6 14.h5 Bxc4 15.Bxc4 Nxc4 16.Bh6 Re8 17.Qe2 Ne5 18.f4 Nd7 19.hxg6
fxg6 20.Qc4+ e6 21.Qxc6 Qb6 22.Qxb6 Bxc3+ 23.bxc3 axb6 24.Ke2
Nf6 25.e5 dxe5 26.g5 Nd5 27.c4 Nxf4+ 28.Ke3 Ra3+ 29.Ke4 Nd3 30.Rhf1
Rd8 31.Rf6 Nc5+ 32.Kxe5 Nd7+ 33.Kd6 Nxf6+ 34.Ke7 Re8+ 35.Kxf6
e5 36.Rf1 Rd3 37.c5 bxc5 0-1

[Event "Moscow Open 2009 C"]
[Site "?"]
[Date "2009.02.06"]
[Round "7.43"]
[White "Styazhkina, Anna"]
[Black "Yakupova, Aysyla"]
[Result "1-0"]
[WhiteElo "1926"]
[BlackElo "2076"]
[Annotator ""]
[Source ""]
[Remark ""]

1.e4 c5 2.Nc3 Nc6 3.Nge2 g6 4.d4 cxd4 5.Nxd4 Bg7 6.Be3 Nf6 7.Nxc6
bxc6 8.e5 Nd5 9.Nxd5 cxd5 10.Qxd5 Rb8 11.Bc4 O-O 12.O-O-O d6
13.Bb3 Be6 14.Qd2 Bxb3 15.axb3 Bxe5 16.h4 Qc8 17.Qd3 a5 18.Bd4
Bxd4 19.Qxd4 Rxb3 20.h5 Rb4 21.Qd2 Qf5 22.Rh3 Qf4 23.Re3 Qf6
24.c3 Ra4 25.Kb1 Rb8 26.Qc2 Rf4 27.hxg6 hxg6 28.f3 Rb7 29.Rde1
e6 30.Re4 Rf5 31.Rh1 Rc5 32.Ka1 Qf5 33.Qd2 Rd5 34.Qh6 Qf6 35.Reh4
Rdb5 36.Rc4 Rb8 37.Qh7+ Kf8 38.Qh6+ Qg7 39.Qd2 d5 40.Rc7 R5b7
41.Qf4 e5 42.Rh8+ Qxh8 43.Qxf7# 1-0

[Event "Moscow Open 2009 C"]
[Site "?"]
[Date "2009.02.06"]
[Round "7.44"]
[White "Maksimova, Alisa"]
[Black "Gvanceladze, Anna"]
[Result "1-0"]
[WhiteElo "1895"]
[BlackElo "2070"]
[Annotator ""]
[Source ""]
[Remark ""]

1.e4 c6 2.d4 d5 3.exd5 cxd5 4.c4 Nf6 5.Nc3 e6 6.Nf3 Be7 7.cxd5
Nxd5 8.Bd3 Nc6 9.O-O O-O 10.Re1 Nf6 11.a3 b6 12.Bc2 Bb7 13.Qd3
g6 14.Bh6 Re8 15.Bb3 Na5 16.Ba2 Nd5 17.Ne4 Rc8 18.Nfg5 Bf8 19.Qf3
f6 20.Bxd5 fxg5 21.Nf6+ Qxf6 22.Qxf6 Bxd5 23.Qxg5 Bxh6 24.Qxh6
Nb3 25.Rad1 Rc2 26.Rd3 Rf8 27.f3 Rfc8 28.Ree3 Rxb2 29.Rc3 Bc4
30.Qf4 b5 31.d5 Rf8 32.Qd6 Nd4 33.Re1 Ne2+ 34.Rxe2 Rxe2 35.a4
exd5 36.axb5 Rfe8 37.h3 Rb2 38.f4 Rxb5 39.f5 Rb6 40.Qd7 Rf8 41.Rg3
Rbf6 42.fxg6 Rxg6 43.Qe6+ Kg7 44.Qe7+ Rf7 45.Qe5+ Kg8 46.Qe8+
Kg7 47.Qe5+ Kg8 48.Ra3 a6 49.Re3 Rf1+ 50.Kh2 Rf2 51.Qe8+ Rf8
52.Qd7 Rg7 53.Qe6+ Kh8 54.h4 d4 55.Qd6 Rfg8 56.Qxd4 Bb5 57.h5
h6 58.Re6 Rf8 59.Rxh6+ Kg8 60.Rg6 Rff7 61.Re6 Rf5 62.h6 Rgf7
63.Qg4+ Kh7 64.Qg6+ Kh8 65.Rd6 Be8 66.Rd8 Re7 67.Rxe8+ 1-0

[Event "Moscow Open 2009 C"]
[Site "?"]
[Date "2009.02.06"]
[Round "7.45"]
[White "Chukhlantseva, Anna"]
[Black "Malinicheva, L."]
[Result "0-1"]
[WhiteElo "1842"]
[BlackElo "2068"]
[Annotator ""]
[Source ""]
[Remark ""]

1.e4 Nf6 2.Nc3 d5 3.e5 Nfd7 4.d4 e6 5.Be3 c5 6.f4 b6 7.Nf3 Ba6
8.Bxa6 Nxa6 9.O-O Be7 10.Qd2 Qc8 11.g4 Qb7 12.a4 h5 13.h3 g6
14.Qe2 Nc7 15.Qf2 a6 16.Ne2 cxd4 17.Nexd4 Nc5 18.c3 Ne4 19.Qg2
O-O-O 20.Rfc1 hxg4 21.hxg4 Kd7 22.Kf1 Rh7 23.Ke2 Rdh8 24.f5 Rh3
25.f6 Rg3 26.Qf1 Rxg4 27.Kd3 Bf8 28.Qe2 a5 29.Ng5 Rgh4 30.Nxf7
R8h5 31.Rg1 Qa6+ 32.Kc2 Rh2 33.Rg2 Qxe2+ 34.Rxe2 Ke8 35.Nd6+
Nxd6 36.exd6 Bxd6 37.Rf1 Kf7 38.Kd3 e5 39.Nc6 Ne6 40.Rxh2 Rxh2
41.Bxb6 e4+ 42.Ke3 g5 43.Bxa5 Bf4+ 0-1

[Event "Moscow Open 2009 C"]
[Site "?"]
[Date "2009.02.06"]
[Round "7.46"]
[White "Samigullina, Diana"]
[Black "Kisteneva, Liza"]
[Result "1-0"]
[WhiteElo "2083"]
[BlackElo "1790"]
[Annotator ""]
[Source ""]
[Remark ""]

1.d4 Nf6 2.c4 e6 3.Nc3 d5 4.cxd5 exd5 5.Bg5 c6 6.Qc2 Bd6 7.e3
Nbd7 8.Bd3 O-O 9.Bxh7+ Kh8 10.Bd3 Qc7 11.Nge2 Kg8 12.h4 Nh5 13.g4
f6 14.gxh5 fxg5 15.hxg5 Nb6 16.h6 Qf7 17.f4 Bf5 18.hxg7 Kxg7
19.Ng3 Bxd3 20.Qxd3 Rh8 21.O-O-O Nc4 22.Nf5+ Kg8 23.Rxh8+ Kxh8
24.Rh1+ Qh7 25.Rxh7+ Kxh7 26.Nxd6+ Kg7 27.Nxc4 dxc4 28.Qf5 Rf8
29.Qe5+ Kg6 30.Ne4 b5 31.f5+ Kf7 32.g6+ Kg8 33.Nf6+ Kg7 34.Ng4+
Rf6 35.Qxf6+ Kg8 36.Nh6# 1-0

[Event "Moscow Open 2009 C"]
[Site "?"]
[Date "2009.02.06"]
[Round "7.47"]
[White "Niks, Yana"]
[Black "Fatalibekova, Elena"]
[Result "1/2-1/2"]
[WhiteElo "1885"]
[BlackElo "2243"]
[Annotator ""]
[Source ""]
[Remark ""]

1.e4 c5 2.Nf3 Nc6 3.d4 cxd4 4.Nxd4 g6 5.Nc3 Bg7 6.Be3 Nf6 7.f3
O-O 8.Bc4 Qb6 9.Rb1 Nxe4 10.Nd5 Qa5+ 11.c3 Nf6 12.Nxc6 bxc6 13.Nxe7+
Kh8 14.Nxc8 Raxc8 15.O-O d5 16.Bb3 Rfe8 17.Bd4 Kg8 18.Qd2 Nh5
19.Bxg7 Nxg7 20.Rfe1 Nf5 21.Rxe8+ Rxe8 22.Qf2 Re7 23.Re1 Qd8
24.Kf1 Qd6 25.Rxe7 Nxe7 26.Qxa7 c5 27.Bc2 Kg7 28.a4 Nc6 29.Qb6
Qf4 30.Qxc6 Qc1+ 31.Kf2 Qd2+ 32.Kg3 Qg5+ 33.Kf2 Qd2+ 34.Kg3 1/2-1/2

[Event "Moscow Open 2009 C"]
[Site "?"]
[Date "2009.02.06"]
[Round "7.48"]
[White "Beliaeva, Natalia"]
[Black "Saduakassova, Dinara"]
[Result "1/2-1/2"]
[WhiteElo "2004"]
[BlackElo "1850"]
[Annotator ""]
[Source ""]
[Remark ""]

1.d4 d5 2.c4 e6 3.Nc3 Nf6 4.Bg5 Nbd7 5.e3 c6 6.Nf3 Qa5 7.Bxf6
Nxf6 8.Nd2 Bb4 9.Qc2 O-O 10.Be2 Qc7 11.O-O e5 12.cxd5 cxd5 13.dxe5
Qxe5 14.Nf3 Qe7 15.Rfd1 Be6 16.Nb5 Rfc8 17.Qd3 Ne4 18.Nbd4 a6
19.Rac1 Bd6 20.Nxe6 fxe6 21.Qd4 Rf8 22.Rc2 Rf6 23.Rdc1 Rff8 24.Bd3
Ng5 25.Nxg5 Qxg5 26.f4 Qd8 27.Rf1 Rc8 28.Rf3 Rxc2 29.Bxc2 Qc7
30.Qd3 g6 31.h4 Qc4 1/2-1/2

[Event "Moscow Open 2009 C"]
[Site "?"]
[Date "2009.02.06"]
[Round "7.49"]
[White "Shangarayeva, Daiana"]
[Black "Blokhina, Elvira"]
[Result "1/2-1/2"]
[WhiteElo "1871"]
[BlackElo "1996"]
[Annotator ""]
[Source ""]
[Remark ""]

1.e4 c5 2.Ne2 d6 3.c4 Nc6 4.d4 cxd4 5.Nxd4 Nf6 6.Nc3 g6 7.Be2
Bg7 8.Be3 O-O 9.O-O Bd7 10.f3 a6 11.Qd2 Nxd4 12.Bxd4 Bc6 13.Rac1
Rb8 14.Ba7 Rc8 15.Be3 Re8 16.b4 b6 17.Rfd1 Qc7 18.Bf1 Red8 19.Qf2
Nd7 20.b5 Bb7 21.bxa6 Bc6 22.Nd5 Bxd5 23.cxd5 Nc5 24.Rb1 Qa7
25.Kh1 Rb8 26.Bxc5 bxc5 27.Bb5 Rb6 28.Qe2 Rdb8 29.a4 Bc3 30.Rb3
Ba5 31.h3 Rxa6 32.Rdb1 Rab6 33.Qc4 Qc7 34.Rc1 Rd8 35.Rd3 Qa7
36.Rc2 Bb4 37.Re2 Qb8 38.Rde3 Kg7 39.e5 dxe5 40.Rxe5 e6 41.Qb3
exd5 42.Rxd5 Rxd5 43.Qxd5 Qg3 44.Re7 Rf6 45.Bc4 Qf4 46.Re4 Qd6
47.Qxd6 Rxd6 48.Re7 Rf6 49.Rc7 Rf4 50.Bb5 Rd4 51.Kh2 c4 52.Rxc4
Rxc4 53.Bxc4 f6 54.Kg3 Bd6+ 55.Kf2 Bb4 56.Ke3 Kf8 57.Ke4 Ke7
58.Kd5 Kd7 59.Bb5+ Ke7 60.Kc6 h5 61.Kb6 Kd6 62.Be8 g5 63.a5 h4
64.a6 Bc5+ 65.Kb7 Ke5 66.a7 Bxa7 67.Kxa7 Kf4 68.Bd7 Kg3 69.Kb6
Kxg2 70.Bg4 Kg3 1/2-1/2

[Event "Moscow Open 2009 C"]
[Site "?"]
[Date "2009.02.06"]
[Round "7.50"]
[White "Semenova, Anastasia"]
[Black "Dolgova, Tamara"]
[Result "1-0"]
[WhiteElo "1840"]
[BlackElo "1977"]
[Annotator ""]
[Source ""]
[Remark ""]

1.e4 e5 2.Nf3 Nc6 3.Bb5 a6 4.Bxc6 dxc6 5.Nc3 Bg4 6.h3 Bxf3 7.Qxf3
Ne7 8.d3 Ng6 9.Be3 Be7 10.O-O Qd6 11.a3 O-O 12.Qg4 Qe6 13.Qxe6
fxe6 14.g3 Rf3 15.Kg2 Raf8 16.Ne2 b6 17.Bf4 R3xf4 18.gxf4 exf4
19.Nd4 Nh4+ 20.Kh1 f3 21.Nxc6 Bg5 22.Rg1 Ng2 23.Nd4 Be7 24.Nxf3
Nf4 25.Ne5 Nxh3 26.Rgf1 Nf4 27.f3 Rf6 28.Ng4 Rg6 29.Rad1 h5 30.Ne5
Rg3 31.Rd2 Bf6 32.d4 h4 33.Ng4 Bg5 34.Rdf2 h3 35.Rg1 Bh4 36.Rxg3
Bxg3 37.Rd2 Be1 38.Rd1 Bh4 39.Kh2 c6 40.c4 Kf7 41.d5 exd5 42.cxd5
cxd5 43.exd5 Ke8 44.d6 Kd8 45.Ne5 Bf6 46.Nc6+ Kd7 47.Nb8+ Kd8
48.b4 Bb2 49.d7 Bf6 50.Nc6+ Kc7 51.d8Q+ Bxd8 52.Nxd8 1-0

[Event "Moscow Open 2009 C"]
[Site "?"]
[Date "2009.02.06"]
[Round "7.51"]
[White "Vasiukova, Ekaterina"]
[Black "Grabovets, Nadezhda"]
[Result "1/2-1/2"]
[WhiteElo "1762"]
[BlackElo "1974"]
[Annotator ""]
[Source ""]
[Remark ""]

1.d4 d5 2.c4 c6 3.Nf3 Nf6 4.Nc3 a6 5.a4 Bg4 6.e3 e6 7.Bd3 Nbd7
8.O-O dxc4 9.Bxc4 Nb6 10.Bd3 c5 11.dxc5 Bxc5 12.Ne4 Be7 13.Nxf6+
Bxf6 14.Be4 Qc7 15.a5 Nd7 16.Qa4 Bxf3 17.Bxf3 O-O 18.Qb4 Rab8
19.Rb1 Ne5 20.Be4 Nc6 21.Bxc6 bxc6 22.Qa3 Be7 23.Qd3 Qxa5 24.Bd2
Qb5 25.Qc2 Rfd8 26.Bc3 a5 27.Ra1 Bb4 28.Rfb1 Qd3 29.Rc1 Bxc3
30.Qxc3 Qxc3 31.Rxc3 Rxb2 32.Rxc6 Ra8 33.Rc3 a4 34.Kf1 Kf8 35.Rca3
Rb4 36.R1a2 Ke7 37.Ke2 Ra7 38.Kd2 Kd6 39.Rc3 Kd5 40.Kd3 e5 41.f3
a3 42.Rcxa3 Rxa3+ 43.Rxa3 Rb2 44.Ra5+ Ke6 45.Ra6+ Ke7 46.Ra7+
Kf6 47.Ra6+ Ke7 48.Ra7+ Kf6 49.Ra6+ Ke7 1/2-1/2

[Event "Moscow Open 2009 C"]
[Site "?"]
[Date "2009.02.06"]
[Round "7.52"]
[White "Khobotova, Olesia"]
[Black "Chadaeva, Tatiana"]
[Result "1-0"]
[WhiteElo "1971"]
[BlackElo "1400"]
[Annotator ""]
[Source ""]
[Remark ""]

1.e4 e5 2.Nf3 Nc6 3.Bb5 a6 4.Bxc6 dxc6 5.O-O f6 6.d4 exd4 7.Qxd4
Qxd4 8.Nxd4 c5 9.Ne2 Bd7 10.Nbc3 O-O-O 11.Bf4 Ne7 12.Bg3 Bc6
13.Rad1 Re8 14.Nf4 Ng6 15.Nxg6 hxg6 16.f3 c4 17.Nd5 Bxd5 18.Rxd5
b5 19.Rfd1 Be7 20.Rd7 Bc5+ 21.Kf1 Re7 22.Rxe7 Bxe7 23.Ke2 Bd6
24.f4 Re8 25.Kf3 Kb7 26.Re1 Kc6 27.e5 Bc5 28.Rd1 f5 29.h3 Be7
30.Bf2 Rd8 31.Rc1 Rd5 32.Be3 Kd7 33.g4 Ke6 34.Rh1 g5 35.Re1 fxg4+
36.Kxg4 gxf4 37.Bxf4 Bc5 38.c3 Bf8 39.Rg1 Kf7 40.Kf5 Ke7 41.Rg6
a5 42.a4 b4 43.cxb4 axb4 44.Rc6 Kd7 45.Rxc4 Ra5 46.b3 Rd5 47.Ke4
Ra5 48.Bd2 Ke6 49.Rc6+ Kd7 50.Rg6 Ra8 51.e6+ Ke8 52.Bf4 c5 53.Be5
Ra7 54.Kd5 Kd8 55.Rg4 Ke8 56.h4 Kd8 57.h5 Ke8 58.Bd6 Rb7 59.Bxc5
Bxc5 60.Kxc5 1-0

[Event "Moscow Open 2009 C"]
[Site "?"]
[Date "2009.02.06"]
[Round "7.53"]
[White "Kazennova, Daria"]
[Black "Karimova, Karina"]
[Result "1-0"]
[WhiteElo "1964"]
[BlackElo "1400"]
[Annotator ""]
[Source ""]
[Remark ""]

1.e4 c6 2.d4 d5 3.exd5 cxd5 4.c4 Nf6 5.Nc3 e6 6.Nf3 dxc4 7.Bxc4
Nc6 8.O-O Be7 9.Be3 O-O 10.Qe2 b6 11.Rfd1 Bb7 12.d5 exd5 13.Nxd5
Nxd5 14.Bxd5 Qc7 15.Rac1 Rac8 16.Qc4 Qb8 17.Qe4 Bc5 18.Bxc5 bxc5
19.Rxc5 Nd8 20.Rxc8 Bxc8 21.b3 Ne6 22.Qe5 Qb6 23.Bc4 Rd8 24.Rxd8+
Qxd8 25.Qd5 Qc7 26.Ne5 h6 27.Qb5 Kf8 28.Nc6 Kg8 29.Nb4 Bd7 30.Qd5
Qc8 31.Qd6 Ng5 32.Nd5 Qe8 33.Qe7 Qc8 34.Qe3 Qb8 35.Ne7+ Kh8 36.h4
Ne6 37.Nf5 Qa8 38.Qg3 Qf8 39.Qd6 Qc8 40.Qe7 Kg8 41.Nd6 Qc7 42.Qxf7+
Kh7 43.Nf5 Qe5 44.Qxd7 Qxf5 45.Bd3 1-0

[Event "Moscow Open 2009 C"]
[Site "?"]
[Date "2009.02.06"]
[Round "7.54"]
[White "Abdumalik, Zhansaya"]
[Black "Chernyshova, Natalia"]
[Result "0-1"]
[WhiteElo "1400"]
[BlackElo "1951"]
[Annotator ""]
[Source ""]
[Remark ""]

1.e4 c5 2.Nf3 Nc6 3.d4 cxd4 4.Nxd4 Nf6 5.Nc3 d6 6.Nb3 g6 7.Bd3
Bg7 8.O-O O-O 9.h3 Bd7 10.Be3 Rc8 11.Qd2 Re8 12.f4 a6 13.Rae1
Be6 14.Nd4 Nxd4 15.Bxd4 Bc4 16.Bf2 Nd7 17.Bxc4 Rxc4 18.Qd3 Qc8
19.Re3 b5 20.a3 Bd4 21.Rb1 Nc5 22.Qe2 Bxe3 23.Qxe3 Qe6 24.b3
Rxc3 25.Qxc3 Nxe4 26.Qe3 Rc8 27.Re1 d5 28.Re2 Qc6 29.Be1 Qc5
30.Qxc5 Rxc5 31.Bb4 Rc7 32.Ba5 Rc6 33.Bb4 e6 34.g4 f6 35.Kg2
Kf7 36.Kf3 e5 37.f5 gxf5 38.gxf5 Nd6 39.Kg4 h5+ 40.Kxh5 Nxf5
41.c3 Ng3+ 42.Kg4 Nxe2 0-1

[Event "Moscow Open 2009 C"]
[Site "?"]
[Date "2009.02.06"]
[Round "7.55"]
[White "Budueva, Kristina"]
[Black "Tereshechkina, Maya"]
[Result "0-1"]
[WhiteElo "1400"]
[BlackElo "1912"]
[Annotator ""]
[Source ""]
[Remark ""]

1.e4 c5 2.Nf3 d6 3.Bb5+ Nc6 4.O-O Bd7 5.c3 Nf6 6.Re1 a6 7.Ba4
b5 8.Bc2 Bg4 9.d3 e6 10.Nbd2 Be7 11.h3 Bh5 12.Nf1 Ne5 13.N1h2
Nxf3+ 14.Nxf3 O-O 15.Be3 Rc8 16.Rc1 d5 17.e5 Nd7 18.d4 cxd4 19.cxd4
Nb6 20.Qd3 Bg6 21.Qe2 Nc4 22.Bxg6 hxg6 23.Bf4 Qa5 24.b3 Nb6 25.Rxc8
Rxc8 26.Rc1 Rxc1+ 27.Bxc1 Qc3 28.Qd2 Qxd2 29.Bxd2 b4 30.Ne1 Nd7
31.Nc2 a5 32.Kf1 Kf8 33.Ke2 Ke8 34.Kd3 Nb8 35.Bc1 Nc6 36.Bd2
g5 37.g3 f6 38.f4 gxf4 39.gxf4 Kf7 40.Ke2 Kg6 41.Kf3 fxe5 42.fxe5
Kh5 43.Be1 Na7 44.Bf2 Nb5 45.Be1 Bh4 46.Bd2 Kg6 47.Kg2 Bg5 48.Bxg5
Kxg5 49.Kg3 Nc3 50.Kf3 Nxa2 51.Ne3 Nc1 52.h4+ Kxh4 53.Nxd5 Nxb3
54.Ke3 Kg5 55.Nc7 Kf5 56.Ne8 a4 57.Nxg7+ Kg6 58.Nxe6 a3 59.d5
a2 60.d6 a1Q 61.d7 Qxe5+ 62.Kf2 Qxe6 63.d8Q Qf6+ 64.Qxf6+ Kxf6
65.Ke3 Ke5 66.Kd3 Nc5+ 67.Kc4 b3 68.Kc3 Ke4 0-1

[Event "Moscow Open 2009 C"]
[Site "?"]
[Date "2009.02.06"]
[Round "7.57"]
[White "Sukhareva, Valentina"]
[Black "Mukhina, Marina"]
[Result "1-0"]
[WhiteElo "2078"]
[BlackElo "1851"]
[Annotator ""]
[Source ""]
[Remark ""]

1.d4 d5 2.Nf3 Nf6 3.c4 c6 4.Nc3 dxc4 5.e3 Bf5 6.Ne5 Nbd7 7.f4
e6 8.Bxc4 Nb6 9.Be2 Be7 10.Bf3 Qc7 11.Bd2 a6 12.Qe2 Nbd5 13.e4
Nxc3 14.Bxc3 Bg6 15.g4 h6 16.f5 exf5 17.exf5 Bh7 18.Qc4 Bd6 19.O-O-O
O-O-O 20.Qxf7 Bxe5 21.Qe6+ Nd7 22.dxe5 Rhe8 23.Rxd7 Qxd7 24.Qxd7+
Rxd7 25.e6 Rd3 26.Be2 Re3 27.Kd2 Rxe2+ 28.Kxe2 Re7 29.Bb4 Re8
30.Ke3 b6 31.Bd6 c5 32.Kf4 Kb7 33.Rd1 g6 34.Be5 Bg8 35.Rd7+ Kc6
36.Ra7 a5 37.a4 Rf8 38.Ke4 gxf5+ 39.gxf5 Rc8 40.Bf4 h5 41.Ke5
Rc7 42.Rxc7+ Kxc7 43.f6 1-0

[Event "Moscow Open 2009 C"]
[Site "?"]
[Date "2009.02.06"]
[Round "7.58"]
[White "Badzhieva, Giliana"]
[Black "Khropova, Larisa"]
[Result "0-1"]
[WhiteElo "1400"]
[BlackElo "2060"]
[Annotator ""]
[Source ""]
[Remark ""]

1.e4 c5 2.Nf3 d6 3.d4 cxd4 4.Nxd4 Nf6 5.Nc3 a6 6.Bg5 e6 7.f4
Be7 8.Qd2 Qc7 9.O-O-O Nbd7 10.Nb3 b5 11.Bd3 Bb7 12.f5 e5 13.Bxf6
Nxf6 14.Qe3 O-O 15.h3 h6 16.Kb1 Rfd8 17.g4 b4 18.Nd5 Nxd5 19.exd5
Bxd5 20.Rh2 Bg5 21.Qe2 a5 22.Bb5 Qb7 23.Qd3 Be4 24.Qf1 Bf4 25.Rf2
a4 26.Nd2 Bxd2 27.Rfxd2 b3 28.Bd3 bxa2+ 29.Kxa2 Rdb8 30.Rb1 Bd5+
31.Bc4 Qb3+ 32.Ka1 Qxc4 33.b3 Qc3+ 34.Rb2 a3 0-1

[Event "Moscow Open 2009 C"]
[Site "?"]
[Date "2009.02.06"]
[Round "7.59"]
[White "Khabalonova, Tamara"]
[Black "Skakun, Valentina"]
[Result "1-0"]
[WhiteElo "1943"]
[BlackElo "1700"]
[Annotator ""]
[Source ""]
[Remark ""]

1.e4 c5 2.c3 d5 3.Bb5+ Nc6 4.Qa4 Qd6 5.exd5 Qxd5 6.Bxc6+ bxc6
7.Nf3 Qe6+ 8.Kd1 Nf6 9.Re1 Qd6 10.h3 e6 11.Na3 Be7 12.Nc4 Qc7
13.d3 O-O 14.Bg5 h6 15.Bh4 Rd8 16.Kc2 Bb7 17.Bg3 Qc8 18.Rad1
Ba6 19.Nce5 Bb5 20.Qf4 Bd6 21.c4 Ba6 22.Bh4 Be7 23.g4 Rb8 24.g5
Qb7 25.b3 hxg5 26.Nxg5 Bd6 27.Ne4 Bxe5 28.Qxe5 Nd7 29.Qh5 f6
30.Nd6 Qb4 31.Qf7+ Kh8 32.Rg1 g5 33.Bxg5 1-0

[Event "Moscow Open 2009 C"]
[Site "?"]
[Date "2009.02.06"]
[Round "7.60"]
[White "Gavrjuchenkova, Angelina"]
[Black "Chernichenko, Olga"]
[Result "1/2-1/2"]
[WhiteElo "1934"]
[BlackElo "1400"]
[Annotator ""]
[Source ""]
[Remark ""]

1.e4 e6 2.d4 d5 3.e5 c5 4.c3 Nc6 5.Nf3 Bd7 6.Be2 Nge7 7.Na3 Nf5
8.Nc2 cxd4 9.cxd4 Nh4 10.O-O Nxf3+ 11.gxf3 f5 12.Kh1 Be7 13.Rg1
g6 14.Bh6 Qb6 15.b4 a6 16.Qd2 Kf7 17.Bg5 Qd8 18.a3 Rc8 19.Rac1
Na7 20.Rg2 Bxg5 21.Rxg5 h6 22.Rg2 Qh4 23.Rcg1 g5 24.Ne3 Bb5 25.Bd1
Bc4 26.a4 b5 27.a5 Nc6 28.Nxc4 bxc4 29.f4 Qxf4 30.Qxf4 gxf4 31.Rg7+
Ke8 32.Ba4 Kf8 33.Bxc6 Rxc6 34.Ra7 Rc8 35.Rgg7 Ke8 36.Rge7+ Kf8
37.Rf7+ Ke8 38.Rfe7+ Kf8 39.Rf7+ Ke8 1/2-1/2

[Event "Moscow Open 2009 C"]
[Site "?"]
[Date "2009.02.06"]
[Round "7.61"]
[White "Lezhepekova, Veronika"]
[Black "Martynenko, Anastasia"]
[Result "1-0"]
[WhiteElo "1917"]
[BlackElo "1400"]
[Annotator ""]
[Source ""]
[Remark ""]

1.e4 c5 2.Nc3 Nc6 3.Nf3 g6 4.d4 cxd4 5.Nxd4 Bg7 6.Be3 Nf6 7.f3
O-O 8.Qd2 d5 9.O-O-O Nxd4 10.Bxd4 dxe4 11.fxe4 Be6 12.Kb1 a6
13.Be2 Qc7 14.h3 b5 15.Bf3 Rac8 16.g4 Rfd8 17.Qf2 Nd7 18.Bxg7
Kxg7 19.Nd5 Bxd5 20.exd5 Nf6 21.g5 Nd7 22.Bg4 Qc5 23.Qh2 Qc7
24.Qe2 Qc5 25.Rhe1 Kf8 26.Rf1 Rc7 27.Qe6 f6 28.gxf6 Nxf6 29.Rxf6+
exf6 30.Qxf6+ Ke8 31.Re1+ Re7 32.Qh8+ Kf7 33.Rf1+ 1-0

[Event "Moscow Open 2009 C"]
[Site "?"]
[Date "2009.02.06"]
[Round "7.64"]
[White "Sorokina, Nadejda"]
[Black "Romanenko, Ksenija"]
[Result "1-0"]
[WhiteElo "1870"]
[BlackElo "1400"]
[Annotator ""]
[Source ""]
[Remark ""]

1.e4 e5 2.Nf3 Nc6 3.Bb5 a6 4.Ba4 Nf6 5.O-O d6 6.Re1 Be7 7.c3
Bg4 8.d3 O-O 9.Nbd2 Nd7 10.Nf1 Nc5 11.Bc2 f5 12.exf5 Bxf5 13.d4
e4 14.dxc5 exf3 15.Qd5+ Kh8 16.Bxf5 fxg2 17.Ng3 Bh4 18.Bh3 Qf6
19.Be3 Rae8 20.Bd4 Qh6 21.Rxe8 Rxe8 22.Nf5 Bxf2+ 23.Kxf2 Rf8
24.Kg1 Ne7 25.Nxh6 Nxd5 26.Bxg2 1-0

[Event "Moscow Open 2009 C"]
[Site "?"]
[Date "2009.02.06"]
[Round "7.65"]
[White "Kaurova, Anna"]
[Black "Lisachenko, Natalia"]
[Result "1-0"]
[WhiteElo "1400"]
[BlackElo "1920"]
[Annotator ""]
[Source ""]
[Remark ""]

1.e4 c6 2.d4 d5 3.exd5 cxd5 4.c4 Nf6 5.Nc3 e6 6.Nf3 Be7 7.h3
O-O 8.Be3 Bb4 9.a3 Bxc3+ 10.bxc3 b6 11.Ne5 Bb7 12.Qb3 Nc6 13.Bg5
Na5 14.Qc2 Rc8 15.Bd3 h6 16.Bxf6 gxf6 17.Ng4 Kg7 18.cxd5 Qxd5
19.Qd2 Rh8 20.Ne3 Qd6 21.Qb2 Rhd8 22.O-O Qf4 23.Rad1 e5 24.Nf5+
Kh8 25.dxe5 fxe5 26.Ne3 Rg8 27.Rfe1 f6 28.Bf1 Rcd8 29.Rxd8 Rxd8
30.g3 Qe4 31.Bg2 Qd3 32.Rd1 Qa6 33.Rxd8+ 1-0

[Event "Moscow Open 2009 C"]
[Site "?"]
[Date "2009.02.06"]
[Round "7.66"]
[White "Braun, Elina"]
[Black "Bylinkina, Anna"]
[Result "0-1"]
[WhiteElo "1880"]
[BlackElo "1400"]
[Annotator ""]
[Source ""]
[Remark ""]

1.e4 e6 2.d4 d5 3.Nc3 dxe4 4.Nxe4 Nd7 5.Nf3 Ngf6 6.Bd3 Nxe4 7.Bxe4
Nf6 8.Bd3 c5 9.dxc5 Bxc5 10.O-O O-O 11.a3 Re8 12.b4 Be7 13.Bb2
b6 14.c4 Bb7 15.Qe2 Nh5 16.Qe3 Bf6 17.Bxf6 Qxf6 18.Rac1 Bxf3
19.Qxf3 Qxf3 20.gxf3 Nf4 21.Rfd1 Nxd3 22.Rxd3 Red8 23.Rdc3 Rac8
24.c5 bxc5 25.bxc5 Rc7 26.Kf1 Kf8 27.Ke2 Ke7 28.Ke3 Rd5 29.Rc4
a5 30.R1c3 Kd7 31.Rd4 Kc6 32.Rdc4 Rb7 33.Ra4 Rb5 34.Rf4 f5 35.a4
Rbxc5 36.Rb3 Kc7 37.h4 Rd6 38.Rb2 Rdc6 39.Rd2 Re5+ 40.Kd3 Rd6+
41.Kc2 Rc5+ 42.Kd1 Rxd2+ 43.Kxd2 Kc6 44.Kd3 g6 45.Rd4 e5 46.Rc4
Kd5 47.Rc3 Rxc3+ 48.Kxc3 h6 0-1

[Event "Moscow Open 2009 C"]
[Site "?"]
[Date "2009.02.06"]
[Round "7.67"]
[White "Urbanaites, Elvira"]
[Black "Churusova, Ekaterina"]
[Result "0-1"]
[WhiteElo "1857"]
[BlackElo "1400"]
[Annotator ""]
[Source ""]
[Remark ""]

1.b4 e5 2.Bb2 Nc6 3.b5 Nd4 4.e3 Nf5 5.Bxe5 d6 6.Bb2 a6 7.bxa6
bxa6 8.Nc3 Nge7 9.Bc4 d5 10.Bb3 Be6 11.d4 g6 12.Nf3 Bg7 13.e4
Nd6 14.exd5 Bg4 15.Ba4+ Kf8 16.Qd3 Nef5 17.Ne5 Qe7 18.Ne4 Nb5
19.Nxg4 Qb4+ 20.Bc3 Qxa4 21.O-O Nxc3 22.Qxc3 Bxd4 23.Qxc7 Bxa1
24.Rxa1 Qxe4 25.Qc5+ Kg7 26.Qd6 Qxg4 0-1

[Event "Moscow Open 2009 C"]
[Site "?"]
[Date "2009.02.06"]
[Round "7.68"]
[White "Golban, Ludmila"]
[Black "Vanchikova, Dulma"]
[Result "1-0"]
[WhiteElo "1400"]
[BlackElo "1799"]
[Annotator ""]
[Source ""]
[Remark ""]

1.d4 d5 2.c4 dxc4 3.Nc3 h6 4.e4 Nf6 5.Bxc4 e6 6.Nge2 Be7 7.O-O
O-O 8.Nf4 Nc6 9.Be3 Na5 10.Bd3 b6 11.e5 Nd5 12.Nh5 Bg5 13.Nxd5
exd5 14.f4 Be7 15.f5 Bg5 16.Rf3 f6 17.Bxg5 fxg5 18.f6 Bg4 19.Nxg7
Rf7 20.Bf5 Bxf3 21.Qxf3 Rxg7 22.fxg7 Kxg7 23.Be6 Qe7 24.Bxd5
Rf8 25.Qe3 c5 26.dxc5 Qxc5 27.Qxc5 bxc5 28.Rf1 Rxf1+ 29.Kxf1
Kg6 30.g4 Kg7 31.Ke2 Kf8 32.Ke3 Kg7 33.Ke4 Kg6 34.b3 Kg7 35.a3
c4 36.bxc4 Nb3 37.Bc6 Nc5+ 38.Kd5 Nd3 39.Kd6 Nf4 40.e6 h5 41.e7
hxg4 42.e8Q 1-0

[Event "Moscow Open 2009 C"]
[Site "?"]
[Date "2009.02.06"]
[Round "7.69"]
[White "Pylaeva, Ekaterina"]
[Black "Paramzina, Anastasya"]
[Result "1/2-1/2"]
[WhiteElo "1676"]
[BlackElo "1400"]
[Annotator ""]
[Source ""]
[Remark ""]

1.e4 c5 2.Nf3 e6 3.d4 cxd4 4.Nxd4 Nf6 5.Nc3 d6 6.Be2 a6 7.O-O
Be7 8.a4 O-O 9.Be3 Qc7 10.Kh1 Nbd7 11.f4 b6 12.f5 Ne5 13.fxe6
fxe6 14.Qc1 Bd7 15.Nf3 Ng6 16.Bd3 Ng4 17.Bg5 Bd8 18.Bxd8 Qxd8
19.Qd2 Qc7 20.h3 N4e5 21.Nxe5 Rxf1+ 22.Rxf1 dxe5 23.Ne2 Bxa4
24.Ra1 Bc6 25.Ng3 Bb7 26.Qb4 Nf4 27.Bc4 Rc8 28.Bb3 Rd8 29.Qe1
Qd6 30.Nf5 Qd7 31.Qb4 Kh8 32.Ne3 b5 33.Rd1 Qe8 34.Rxd8 Qxd8 35.Ng4
h6 36.Nxe5 Kh7 37.Nf3 Qd1+ 38.Kh2 Qe2 39.Qd2 Qxd2 40.Nxd2 Bc8
41.g3 Ng6 42.Nf3 Kg8 43.Nd4 Kf7 44.Kg2 Kf6 45.Kf3 Ke5 46.Nc6+
Kd6 47.Nd4 Bd7 48.Ke3 Ke5 49.Nf3+ Kd6 50.c3 Kc5 1/2-1/2

[Event "Moscow Open 2009 C"]
[Site "?"]
[Date "2009.02.06"]
[Round "7.70"]
[White "Artemenko, Rimma"]
[Black "Ulyanovskaya, Tamara"]
[Result "0-1"]
[WhiteElo "1579"]
[BlackElo "1400"]
[Annotator ""]
[Source ""]
[Remark ""]

1.f4 d6 2.Nf3 Nc6 3.e3 Nh6 4.Bb5 Bd7 5.b3 a6 6.Be2 e5 7.O-O exf4
8.exf4 Qf6 9.d4 Nf5 10.Bb2 Nb4 11.Qd2 d5 12.Ne5 O-O-O 13.a3 Nc6
14.c4 dxc4 15.Bxc4 Nxe5 16.fxe5 Qg6 17.Qf4 Be7 18.Nc3 Nh4 19.Kh1
Qxg2# 0-1

[Event "Moscow Open 2009 C"]
[Site "?"]
[Date "2009.02.06"]
[Round "7.71"]
[White "Yashchenko, Olena"]
[Black "Vasiukova, Renata D"]
[Result "1-0"]
[WhiteElo "1400"]
[BlackElo "1574"]
[Annotator ""]
[Source ""]
[Remark ""]

1.d4 c6 2.c4 d6 3.Nc3 Nd7 4.Nf3 h6 5.Bf4 Ngf6 6.h3 g5 7.Bh2 a6
8.e4 Bg7 9.Bd3 c5 10.e5 dxe5 11.dxe5 Ng8 12.O-O Nf8 13.Qc2 Be6
14.Rfd1 Qc8 15.Be4 Bxc4 16.Qa4+ Bb5 17.Nxb5 axb5 18.Qxb5+ Nd7
19.Bxb7 Rb8 20.Bxc8 Rxb5 21.Bxd7+ Kf8 22.Bxb5 1-0

[Event "Moscow Open 2009 C"]
[Site "?"]
[Date "2009.02.06"]
[Round "7.72"]
[White "Yakimova, Taisia V"]
[Black "Butneva, Larisa"]
[Result "0-1"]
[WhiteElo "1529"]
[BlackElo "1875"]
[Annotator ""]
[Source ""]
[Remark ""]

1.Nf3 Nf6 2.d4 e6 3.e3 b6 4.g3 Bb7 5.Bg2 d5 6.Nbd2 Bd6 7.O-O
Nbd7 8.Re1 Rb8 9.a3 a5 10.c3 O-O 11.Qc2 Ne4 12.Nxe4 dxe4 13.Nd2
f5 14.f3 exf3 15.Nxf3 Qe8 16.Bd2 Qh5 17.Rf1 Kh8 18.Qd1 Ba6 19.Rf2
Nf6 20.Ne5 Qxd1+ 21.Rxd1 Bxe5 22.dxe5 Ng4 23.Rf4 Nxe5 24.Bf1
Bb7 25.Bc1 g5 26.Rf2 Rfd8 27.Be2 Rxd1+ 28.Bxd1 Nd3 29.Rc2 Be4
30.b4 Kg7 31.Bb2 Kf7 32.Rd2 Ke7 33.Be2 Rd8 34.Bxd3 Bxd3 35.Kf2
a4 36.Ke1 b5 37.h3 h5 38.h4 g4 39.Kf2 Rd5 40.Bc1 Kd6 41.Bb2 c5
42.bxc5+ Kxc5 43.c4 Kxc4 44.Bd4 e5 45.Bb2 e4 46.Bd4 Kb3 47.Bb2
b4 48.axb4 Kxb4 49.Bd4 a3 50.Ke1 Kb3 51.Rd1 Rd8 52.Kd2 a2 53.Rc1
Bb1 54.Rc3+ Kb4 55.Rc1 a1Q 56.Ke1 Rxd4 57.exd4 Qb2 58.Rd1 e3
59.d5 Qf2# 0-1